A polar reconnaissance: Being the voyage of the Isbjiorn to Novaya Zemlya in 1879. By Albert H. Markham, F.R.G.S., Captain Royal Navy. With maps and illustrations

Saved in:
Bibliografiske detaljer
Hovedforfatter: Markham, Albert Hastings (autor)
Format: Bog
Sprog:engelsk
Udgivet: Londres C. Kegan Paul & Co., I Paternoster square 1881
Udgivelse:1a. ed
Fag:
Tags: Tilføj Tag
Ingen Tags, Vær først til at tagge denne postø!

MARC

LEADER 00000nam a2200000 a 4500
001 UCJ5453
003 CL-VaPUC
008 070124e18810000UK |||||||||||||||||eng|d
082 0 4 |a 910.4  |b MAR  |2 21 
100 |a Markham, Albert Hastings  |e autor  |9 510678 
245 1 2 |a A polar reconnaissance: Being the voyage of the Isbjiorn to Novaya Zemlya in 1879. By Albert H. Markham, F.R.G.S., Captain Royal Navy. With maps and illustrations 
250 |a 1a. ed 
300 |a xvi, 361 p 
942 |c BK 
945 |d 20070124 00:00:00  |a rinostro 
260 |a Londres  |b C. Kegan Paul & Co., I Paternoster square  |c 1881 
500 |a Front., parte de la tripulación, grabado; mapas e ilustraciones conforme al índice 
650 0 |a Viajes  |9 257115 
650 0 |a Expediciones científicas  |9 265222 
650 0 |a Historia  |9 255047 
650 7 |a INGLESES  |2 CL-VaPUC  |9 510643 
650 7 |a HOLANDESES  |2 CL-VaPUC  |9 504311 
650 7 |a RUSOS  |2 CL-VaPUC  |9 509637 
650 7 |a NORUEGOS  |2 CL-VaPUC  |9 510644 
650 7 |a SUECOS  |2 CL-VaPUC  |9 505979 
650 0 |a Austríacos  |9 510645 
650 7 |a HUNGAROS  |2 CL-VaPUC  |9 440832 
650 7 |a FLORA  |2 CL-VaPUC  |9 264745 
650 7 |a FAUNA  |2 CL-VaPUC  |9 349523 
650 7 |a FOSILES  |2 CL-VaPUC  |9 370434 
650 0 |a Geología   |9 260984 
650 0 |a Mapas  |9 260844 
650 0 |a Ilustraciones  |9 369481 
651 7 |a NUEVA ZEMBLA  |2 CL-VaPUC  |9 509640 
651 7 |a MAR DE BARENTS  |2 CL-VaPUC  |9 507957 
651 7 |a REGION ARTICA  |2 CL-VaPUC  |9 366377 
651 7 |a POLO NORTE  |2 CL-VaPUC  |9 310897 
583 |a last modification  |c 20070124 00:00:00  |k Rodrigo Vera 
999 |c 321562  |d 321560 
952 |0 0  |1 0  |4 0  |6 910_400000000000000_MAR_1881  |7 0  |8 X  |9 400334  |a FDOBUD  |b FDOBUD  |d 2019-11-22  |i 103488K  |o 910.4 MAR 1881  |p 103488K  |r 2019-11-22  |w 2019-11-22  |y BK_X  |k BUD